1648 1559 1125 1395 1761 1222 1242 1834 1402 1890 1364 1572 1920 1805 1348 1089 1384 1429 1255 1712 1155 1049 1602 1538 1803 1929 1989 1073 1851 1555 1503 1194 1292 1397 1448 1562 1042 1000 1496 1648 1966 1465 1077 1864 1416 1126 1062 1808 1945 1901 1313 1996 1075 1000 1534 1870 1226 1454 1874 1231 1736 1209 1680 1152 1221 1017 1516 1892 1008 1163 1541 1042 1369 1070 1815 1532 1660 1348 1758 1964 1553 1515 1993 1662 1297 1544 1859 1605 1082 1470 1977 1447 1744 1976 1296 1481 1920 1919 1402 BCNSPRNW ULIB Ver.6.0+V

เปลี่ยนเป็นภาษาไทย

Change to English
 แสดงรายละเอียดบรรณานุกรม
  กลับหน้าหลัก

Brief Record : Get Marc (ISO 2709) : E-mail record : QR code < ปิดหน้าต่าง
LEADER : 00000nam 2200000uu 4500
001    13399112652
003     ULIB
008    110830s||||||||th 000 0 tha d
020    9747738708
050  4 HV5740^bป342ห 2550
245 00 หยุดการแพร่ภัยบุหรี่สิ่งที่รัฐต้องทำและผลได้ผลเสียทางเศรษฐกิจของการควบคุมยาสูบ =^bCurbing the epidemic : governments and the economics of tobacco control /^cถอดความจากรายงานธนาคารโลก[โดย]ประภาพรรณ เทวกุล ณ อยุธยา ; ม.ร.ว. ปรีดิยาธร เทวกุล, ตรวจแก้ไข
246 14 พัฒนาการทางปฏิบัติหยุดการแพร่ภัยบุหรี่สิ่งที่รัฐต้องทำและผลได้ผลเสียทางเศรษฐกิจของการควบคุมยาสูบ
246 31 Curbing the epidemic :^bgovernments and the economics oftobacco control
250    พิมพ์ครั้งที่ 1
260    [นนทบุรี] :^bสถาบันควบคุมการบริโภคยาสูบ กรมการแพทย์กระทรวงสาธารณสุข
300    v, 130 หน้า ;^c21 ซม.
500    ชื่อเรื่องบนปก:พัฒนาการทางปฎิบัติหยุดการแพร่ภัยบุหรี่สิ่งที่รัฐต้องทำและผลได้ผลเสียทางเศรษฐกิจของการควบคุมยาสูบ = Development in practice curbing the epidemic : governments and the economics of tobacco control
650  4 การติดบุหรี่
650  4 การสูบบุหรี่
650  4 การติดบุหรี่^xนโยบายของรัฐ
700 0  ประภาพรรณ เทวกุล ณ อยุธยา,^eผู้แปล
700 0  ปรีดิยาธร เทวกุล,^cม.ร.ว.,^eบรรณาธิการ
945    ^p0^l0^i023185
945    ^p0^l0^i023186
945    ^p0^l0^i023187
945    ^p0^l0^i023188
995    ทศพร
999 ^a ทศพร
รายการนี้ยังไม่มีแท็ก
คุณยังไม่ได้ล็อกอิน คุณสามารถมีกิจกรรมร่วมกับเว็บไซต์ได้ แต่ต้องล็อกอินก่อน ::
  ล็อกอิน

รายการสื่อสารสนเทศ

ลำดับที่ ประเภท เลขเรียก/บาร์โค้ด สถานที่ สถานะ
- ไม่พบข้อมูล -

รายการใกล้เคียง
    หัวเรื่อง [การติดบุหรี่]
    หัวเรื่อง [การสูบบุหรี่]

BibComment


ยังไม่เคยถูกคอมเมนท์

คอมเมนท์ทรัพยากรรายการนี้
  คอมเมนท์: หยุดการแพร่ภัยบุห..


 Copyright 2026. Bcnsprnw @Library